Algebraic number theory
Salvato in:
| Autore principale: | |
|---|---|
| Natura: | Libro |
| Lingua: | inglese |
| Pubblicazione: |
Nueva York
McGraw-Hill
1963
|
| Serie: | International Series in Pure and Applied Mathematics
|
| Soggetti: | |
| Tags: |
Aggiungi Tag
Nessun Tag, puoi essere il primo ad aggiungerne!!
|
MARC
| LEADER | 00000nam a2200000 a 4500 | ||
|---|---|---|---|
| 001 | UCP1441 | ||
| 003 | CL-VaPUC | ||
| 008 | 990409e19630000US |||||||||||||||||eng|d | ||
| 082 | 0 | 4 | |a 512.74 |b WEI |2 21 |
| 100 | 0 | |a Weiss, Edwin |e author |9 427496 | |
| 245 | 1 | 0 | |a Algebraic number theory |
| 300 | |a 275 p | ||
| 942 | |c BK | ||
| 945 | |d 19990409 00:00:00 |a crobeson | ||
| 260 | |a Nueva York |b McGraw-Hill |c 1963 | ||
| 650 | 0 | |a Teoría algebraica de números |9 887995 | |
| 650 | 7 | |a METODO DE NEWTON |2 CL-VaPUC |9 425325 | |
| 650 | 7 | |a FORMAS CUADRATICAS |2 CL-VaPUC |9 270195 | |
| 650 | 0 | |a Álgebra |9 259567 | |
| 583 | |a last modification |c 19990409 00:00:00 |k Rodrigo Vera | ||
| 490 | 0 | |a International Series in Pure and Applied Mathematics | |
| 999 | |c 280119 |d 280117 | ||
| 952 | |0 0 |1 0 |4 0 |6 512_740000000000000_WEI_1963 |7 0 |8 A |9 320129 |a BIBMAT |b BIBMAT |d 2019-11-20 |i 1340980 |l 1 |o 512.74 WEI 1963 |p 1340980 |r 2025-01-07 |s 2022-03-21 |w 2019-11-20 |y BK |k MAT | ||